Phỏng vấn người Sài Gòn; T1: Minh Cảnh, Diệp Minh Châu, Hà Huy Giáp, Hoàng Như Mai, Sơn Nam, Võ An Ninh, út Trà Ôn, Lý Văn Sâm, Lê Thương, Thành Tôn, Trần Văn Trà
में बचाया:
| मुख्य लेखक: | |
|---|---|
| स्वरूप: | पुस्तक |
| भाषा: | Undetermined |
| प्रकाशित: |
Tp. HCM
Trẻ
1998
|
| विषय: | |
| टैग : |
टैग जोड़ें
कोई टैग नहीं, इस रिकॉर्ड को टैग करने वाले पहले व्यक्ति बनें!
|
| Thư viện lưu trữ: | Trung tâm Học liệu Trường Đại học Cần Thơ |
|---|
| LEADER | 00722nam a2200193Ia 4500 | ||
|---|---|---|---|
| 001 | CTU_32827 | ||
| 008 | 210402s9999 xx 000 0 und d | ||
| 020 | |b 14.000đ | ||
| 082 | |a 959.7092 | ||
| 082 | |b H407/T1 | ||
| 100 | |a Phan Hoàng | ||
| 245 | 0 | |a Phỏng vấn người Sài Gòn; T1: Minh Cảnh, Diệp Minh Châu, Hà Huy Giáp, Hoàng Như Mai, Sơn Nam, Võ An Ninh, út Trà Ôn, Lý Văn Sâm, Lê Thương, Thành Tôn, Trần Văn Trà | |
| 245 | 0 | |c Phan Hoàng | |
| 260 | |a Tp. HCM | ||
| 260 | |b Trẻ | ||
| 260 | |c 1998 | ||
| 650 | |a names, personal,vietnam - history - 20th century | ||
| 904 | |i Minh, 990824 | ||
| 980 | |a Trung tâm Học liệu Trường Đại học Cần Thơ | ||